THE ACRYLIC ARTISTS BIBLE (Record no. 933447)

MARC details
000 -LEADER
fixed length control field 00273nam a2200109Ia 4500
008 - FIXED-LENGTH DATA ELEMENTS--GENERAL INFORMATION
fixed length control field 231120s2019 xx 000 0 und d
041 ## - LANGUAGE CODE
Language code of text/sound track or separate title eng
100 ## - MAIN ENTRY--PERSONAL NAME
Personal name MARYLIN SCOTT
245 ## - TITLE STATEMENT
Title THE ACRYLIC ARTISTS BIBLE
260 ## - PUBLICATION, DISTRIBUTION, ETC.
Place of publication, distribution, etc. SEARCH PRESS
Name of publisher, distributor, etc. SEARCH PRESS
Date of publication, distribution, etc. 2019
300 ## - PHYSICAL DESCRIPTION
Extent P-192
Holdings
Withdrawn status Lost status Damaged status Not for loan Home library Current library Date acquired Cost, normal purchase price Total Checkouts Barcode Date last seen Price effective from Koha item type
        College of Fine Arts, Pune College of Fine Arts, Pune 21/11/2023 1360.00   FAP-BVA-291 21/11/2023 21/11/2023 Book